000 00672cam a22002413a 4500
001 25350
003 PGUSA
005 20140828083538.0
008 080506s2008||||xxu|||||s|||||000 1 eng d
040 _aPGUSA
_beng
042 _adc
050 4 _aPL
100 1 _aYu, Wanchun,
_d1794-1849
245 1 0 _a蕩寇志
_h[electronic resource] /
_cWanchun Yu
260 _bProject Gutenberg,
_c2008
506 _aPublic domain in the USA.
516 _aElectronic text
653 _aChina -- History -- Three kingdoms, 220-265 -- Fiction
740 0 _aDang Kou Zhi
830 0 _aProject Gutenberg
_v25350
856 4 0 _uhttp://www.gutenberg.org/ebooks/25350
942 _cEB
999 _c254605
_d254605